000 00382nam a2200169Ia 4500
001 28788
003 IN-NITTTR
005 20251114233355.0
008 251113s9999||||xx |||||||||||||| ||eng||
040 _beng
040 _cIN-NITTTR
041 _aeng
082 _a923.54 G93E
100 _aGupta, S. P.
245 0 _aEminent persons of India /
_cGupta, S. P.
942 _2ddc
_cBK
999 _c31416
_d31416